[Event "Buenos Aires op 3rd"]
[Site "Buenos Aires"]
[Date "2025.07.13"]
[Round "5"]
[White "Romaris, Juan Martin"]
[Black "Kaplinsky, Santiago"]
[Result "1/2-1/2"]
[WhiteElo "1901"]
[BlackElo "1739"]
[PlyCount "85"]
[EventDate "2025.07.11"]
[EventType "swiss"]
[EventRounds "9"]
[EventCountry "ARG"]
[SourceTitle "CB30_2025"]
[SourceDate "2025.07.23"]
[SourceVersion "1"]
[SourceVersionDate "2025.07.23"]
[SourceQuality "1"]

1. d4 Nf6 2. c4 e6 3. Nf3 b6 4. a3 Bb7 5. Nc3 Ne4 6. Qc2 Nxc3 7. Qxc3 Be7 8. Bf4 d6 9. e3 Nd7 10. Nd2 c5 11. dxc5 Bf6 12. Qc2 Nxc5 13. Rd1 e5 14. Bg3 Qc7 15. b4 Ne6 16. Ne4 Be7 17. Nc3 0-0 18. Nd5 Bxd5 19. Rxd5 a5 20. Be2 axb4 21. axb4 Ra1+ 22. Rd1 Rfa8 23. Bd3 Rxd1+ 24. Qxd1 b5 25. 0-0 bxc4 26. Be4 Rb8 27. Qa4 Qb6 28. Rb1 Nc5 29. Qc2 Nxe4 30. Qxe4 c3 31. h4 Rc8 32. Qc2 Rc4 33. Rb3 Rxb4 34. Rxc3 g6 35. h5 Kg7 36. Rc7 Bg5 37. Rc6 Rb1+ 38. Kh2 Qb4 39. Rxd6 Qxd6 40. Qxb1 Qe6 41. hxg6 hxg6 42. Qb2 Bf6 43. e4 1/2-1/2

[Event "Buenos Aires op 3rd"]
[Site "Buenos Aires"]
[Date "2025.07.11"]
[Round "1"]
[White "Romaris, Juan Martin"]
[Black "Manzone, Alessandro Jr"]
[Result "0-1"]
[WhiteElo "1901"]
[BlackElo "2397"]
[PlyCount "86"]
[EventDate "2025.07.11"]
[EventType "swiss"]
[EventRounds "9"]
[EventCountry "ARG"]
[SourceTitle "CB30_2025"]
[SourceDate "2025.07.23"]
[SourceVersion "1"]
[SourceVersionDate "2025.07.23"]
[SourceQuality "1"]

1. e4 c5 2. Nf3 e6 3. d4 cxd4 4. Nxd4 Nc6 5. Nc3 Qc7 6. g3 a6 7. Bg2 Nf6 8. 0-0 Nxd4 9. Qxd4 Bc5 10. Qd3 h6 11. Be3 d6 12. Rad1 Bxe3 13. fxe3 Ke7 14. Rd2 Ng4 15. h3 Ne5 16. Qd4 b5 17. Rfd1 Rd8 18. a4 bxa4 19. Nxa4 Rb8 20. b3 a5 21. c4 Bd7 22. c5 dxc5 23. Nxc5 Bb5 24. Qc3 Rxd2 25. Rxd2 Rc8 26. Rc2 Nd3 27. Na4 Qxc3 28. Rxc3 Rxc3 29. Nxc3 Bc6 30. Bf1 Nc5 31. Bc4 Nxe4 32. Ne2 Nd2 33. Nd4 Nxc4 34. bxc4 Kd6 35. Kf2 a4 36. Ke2 a3 37. Nb3 a2 38. Kd3 Ba4 39. Na1 Kc5 40. Kc3 f5 41. h4 e5 42. Kd3 e4+ 43. Kc3 h5 0-1

[Event "Buenos Aires Masters op"]
[Site "Buenos Aires"]
[Date "2024.06.18"]
[Round "3"]
[White "Romaris, Juan Martin"]
[Black "Sanabria, Walter"]
[Result "0-1"]
[WhiteElo "1896"]
[BlackElo "1702"]
[PlyCount "66"]
[EventDate "2024.06.17"]
[EventType "swiss"]
[EventRounds "9"]
[EventCountry "ARG"]
[SourceTitle "CBM 220 Extra"]
[Source "ChessBase"]
[SourceDate "2024.07.31"]
[SourceVersion "1"]
[SourceVersionDate "2024.07.31"]
[SourceQuality "1"]

1. e4 c5 2. Nf3 Nc6 3. d4 cxd4 4. Nxd4 Nf6 5. Nc3 g6 6. Be3 Bg7 7. f3 0-0 8. Qd2 d6 9. 0-0-0 Bd7 10. Kb1 Rc8 11. h4 Qa5 12. Nb3 Qd8 13. Bh6 Be6 14. Bxg7 Kxg7 15. g4 h5 16. Be2 Bxb3 17. cxb3 Qa5 18. gxh5 Nxh5 19. Rdg1 Qe5 20. Rg5 Qf4 21. Qe1 e6 22. Rhg1 Rh8 23. Bc4 Nd4 24. Ne2 Qe3 25. Nxd4 Qxd4 26. Qb4 Nf4 27. Qxb7 Rh5 28. Rc1 Rxg5 29. hxg5 Nd3 30. Rc3 Rh8 31. a4 Qg1+ 32. Kc2 Rh2+ 33. Kxd3 Qd1+ 0-1

[Event "Buenos Aires Masters op"]
[Site "Buenos Aires"]
[Date "2024.06.17"]
[Round "1"]
[White "Ocampos, Ian Guido"]
[Black "Romaris, Juan Martin"]
[Result "1-0"]
[WhiteElo "2235"]
[BlackElo "1896"]
[PlyCount "55"]
[EventDate "2024.06.17"]
[EventType "swiss"]
[EventRounds "9"]
[EventCountry "ARG"]
[SourceTitle "CBM 220 Extra"]
[Source "ChessBase"]
[SourceDate "2024.07.31"]
[SourceVersion "1"]
[SourceVersionDate "2024.07.31"]
[SourceQuality "1"]

1. e4 c5 2. d4 cxd4 3. Nf3 e5 4. Bc4 Nf6 5. 0-0 Qc7 6. Qe2 Bc5 7. Bg5 Nc6 8. Bxf6 gxf6 9. Bxf7+ Kxf7 10. Qc4+ Ke7 11. Qxc5+ d6 12. Qa3 Rg8 13. Nbd2 Be6 14. Rfd1 Rg4 15. h3 Rg7 16. Nh4 Rag8 17. Nf1 Qd7 18. Ng3 Rg5 19. Rd3 Kd8 20. Rf3 Qe7 21. Ngf5 Bxf5 22. Rxf5 Kc7 23. Rxg5 Rxg5 24. Nf5 Qe6 25. c3 d5 26. Qb3 Qg8 27. exd5 Rxf5 28. d6+ 1-0

[Event "Villa Ballester op 73rd"]
[Site "Buenos Aires"]
[Date "2024.01.26"]
[Round "7"]
[White "Romaris, Juan Martin"]
[Black "Salvati, Diego Javier"]
[Result "1-0"]
[WhiteElo "1801"]
[BlackElo "1912"]
[PlyCount "111"]
[EventDate "2024.01.19"]
[EventType "swiss"]
[EventRounds "9"]
[EventCountry "ARG"]
[SourceTitle "CBM 218 Extra"]
[Source "ChessBase"]
[SourceDate "2024.03.31"]
[SourceVersion "1"]
[SourceVersionDate "2024.03.31"]
[SourceQuality "1"]

1. e4 g6 2. d4 Bg7 3. Nf3 d6 4. Bd3 Nc6 5. c3 e5 6. d5 Nce7 7. c4 Nh6 8. Nc3 0-0 9. Bd2 f5 10. Ng5 c6 11. h4 f4 12. f3 Bf6 13. Qe2 Qb6 14. 0-0-0 Nf7 15. Nxf7 Rxf7 16. g4 fxg3 17. Rdg1 Qf2 18. Rg2 Qxe2 19. Nxe2 cxd5 20. cxd5 Bd7 21. Nxg3 Kh8 22. Kb1 Ng8 23. f4 Bg4 24. Be2 Bxe2 25. Nxe2 Re8 26. h5 gxh5 27. Rxh5 Rg7 28. Rgh2 Ree7 29. Bb4 exf4 30. Bxd6 Rxe4 31. Nxf4 Re1+ 32. Kc2 Reg1 33. Be5 R1g4 34. Bxf6 Nxf6 35. Rf5 Rc7+ 36. Kb3 Nd7 37. Ka3 Rc4 38. Rf7 Rg7 39. Rxg7 Kxg7 40. Ne6+ Kg6 41. b3 Rg4 42. Rc2 Nb6 43. d6 Kf7 44. Nd8+ Ke8 45. Nxb7 h5 46. Rc7 h4 47. Re7+ Kf8 48. d7 Nxd7 49. Rxd7 Kg8 50. Rd2 h3 51. Rh2 Rh4 52. Nc5 Kf7 53. Nd3 Ke6 54. Rxh3 Rd4 55. Nb2 Kd5 56. Rd3 1-0